Datum a čas kvízu
18.5
Celkem bodů
Celkový počet nahraných bodů na tomto kvízu bez doplňovacích otázek.
11.
Pořadí na kvízu
Konečné umístění týmu na tomto kvízu.
Zaznamenané odpovědi
| # | Otázka | Odpověď | Body | Výsledky |
|---|---|---|---|---|
| 1. | V Olomouci se objevil případ m... | na sušáku na prádlo (na klepači na koberce) | 0 | |
| 2. | Která země jako první v Latins... | Uruguay | 0 | |
| 3. | Počátkem týdne jsme se dozvědě... | Katy Perry; Justin Trudeau | 0 | |
| 4. | Kim Kardashian minulý týden př... | Jsou chlupaté. | 0 | |
| 5. | Minulý týden se na internetu o... | Manchester United | 0 | |
| 6. | Asijská poušť Karakum, uprostř... | Turkmenistán | 1 | |
| 7. | Uveďte, kterým čtyřpísmenným p... | vádí | 1 | |
| 8. | Vyberte, se kterým živočichem... | B | 0 | |
| 9. | Vojáci Československého pěšího... | Tobruk | 0 | |
| 10. | Britský umělec Gordon Sumner s... | Sting | 1 |